Youth: change and challenge
Guardado en:
| Autor principal: | |
|---|---|
| Formato: | Libro |
| Lenguaje: | inglés |
| Publicado: |
Nueva York
Basic Books
1963
|
| Materias: | |
| Etiquetas: |
Agregar Etiqueta
Sin Etiquetas, Sea el primero en etiquetar este registro!
|
MARC
| LEADER | 00000nam a2200000 a 4500 | ||
|---|---|---|---|
| 001 | UCR9870 | ||
| 003 | CL-VaPUC | ||
| 008 | 980619e19630000US |||||||||||||||||eng|d | ||
| 082 | 0 | 4 | |a 305.235 |b ERI |2 21 |
| 100 | 0 | |a Erikson, Erik H |e author |9 343603 | |
| 245 | 1 | 0 | |a Youth: change and challenge |
| 300 | |a 284 p | ||
| 942 | |c BK | ||
| 945 | |d 19980619 00:00:00 |a crobeson | ||
| 260 | |a Nueva York |b Basic Books |c 1963 | ||
| 650 | 0 | |a Juventud |9 271073 | |
| 650 | 0 | |a Adolescentes |9 308058 | |
| 650 | 0 | |a Adolescencia |9 307361 | |
| 650 | 0 | |a Cambio social |9 256857 | |
| 650 | 7 | |a SOCIOLOGIA DE LA ADOLESCENCIA |2 CL-VaPUC |9 412837 | |
| 650 | 0 | |a Psicología social |9 222894 | |
| 583 | |a last modification |c 19980619 00:00:00 |k Rodrigo Vera | ||
| 999 | |c 271046 |d 271044 | ||
| 952 | |0 0 |1 0 |4 0 |6 305_235000000000000_ERI_1963 |7 0 |8 A |9 305539 |a BIBENE |b BIBENE |d 2019-11-20 |i 1418777 |o 305.235 ERI 1963 |p 1418777 |r 2025-01-15 |w 2019-11-20 |y BK |k ICO | ||